03364cam a22002895a 45000010009000000050017000090080041000260200018000670400033000850820017001182450098001352600051002333000034002845000024003185040041003425051322003835200968017056500034026736500051027076530020027587000032027787000043028107000046028539420008028999990017029079520150029241792296020201128023739.0131030s2014 nyua frb f001 0 eng d a9781107629295 aDLCbengcDLCdDLCdEG-ScBUE04a327222bSTA00aStatus in world politics /cedited by T. V. Paul, Deborah Welch Larson, William C. Wohlforth. aNew York :bCambridge University Press,c2014. axvi, 306 p. :bill. ;c23 cm. aIndex : p. 297-306. aIncludes bibliographical references.8 aMachine generated contents note: Part I. Introduction: 1. Status and world order Deborah Welch Larson, T. V. Paul and William C. Wohlforth; Part II. Admission into the Great Power Club: 2. Managing rising powers: the role of status concerns Deborah Welch Larson and Alexei Shevchenko; 3. Status considerations in international politics and the rise of regional powers Thomas J. Volgy, Renato Corbetta, J. Patrick Rhamey, Jr, Ryan G. Baird and Keith A. Grant; 4. Status is cultural: Durkheimian Poles and Weberian Russians seek great-power status Iver B. Neumann; Part III. Status Signaling: 5. Status dilemmas and inter-state conflict William C. Wohlforth; 6. Status signaling, multiple audiences, and China's blue-water naval ambition Xiaoyu Pu and Randall L. Schweller; Part IV. International Institutions and Status: 7. Status accommodation through institutional means: India's rise and the global order T. V. Paul and Mahesh Shankar; 8. Setting status in stone: the negotiation of international institutional privileges Vincent Pouliot; Part V. Status, Authority, and Structure: 9. Status conflict, hierarchies, and interpretation dilemmas William R. Thompson; 10. Status, authority, and the end of the American century David A. Lake; Part VI. Conclusions: 11. Why status matters in world politics Anne L. Clunan. a"Rising powers such as Brazil, China, India, Russia and Turkey are increasingly claiming heightened profiles in international politics. Although differing in other respects, rising states have a strong desire for recognition and respect. This pioneering volume on status features contributions which develop propositions on status concerns and illustrate them with case studies and aggregate data analysis. Four cases are examined in depth: the United States (how it accommodates rising powers through hierarchy); Russia (the influence of status concerns on its foreign policy); China (how Beijing signals its status aspirations); and India (which has long sought major power status). The authors analyse status from a variety of theoretical perspectives and tackle questions such as: how do states signal their status claims? How are such signals perceived by the leading states? Will these status concerns lead to conflict or is peaceful adjustment possible?"-- 7aWorld politics.2BUEsh911141 7aInternational economic relations.2BUEsh93036 bBUSBOLcMay20161 aPaul, T. V.eeditor.9158141 aLarson, Deborah Welch,d1951-eeditor.1 aWohlforth, William Curti,d1959-eeditor. 2ddc c21778d21750 00102ddc40708AlahramaMAINbMAINc1STd2016-05-18ePurchaseg260.00h1l2m7o327 STAp000032533r2025-07-15 00:00:00s2018-10-21v325.00yBB